| 000 | 00398nam a22001457a 4500 | ||
|---|---|---|---|
| 020 | _qPB. | ||
| 040 | _cFIZZA ISHAQ | ||
| 082 |
_a658.5 _bCEC |
||
| 100 |
_aB. ROBERT BOZARTH C. CECIL. _987173 |
||
| 245 |
_aINTRODUCTION TO OPERATIONS SUPPLY CHAIN MANAGEMENT / _cCECIL B. BOZARTH ROBERT B. |
||
| 250 | _a5th ED. | ||
| 260 |
_aNEW DEHLI : _bPEARSON, _c2019. |
||
| 300 | _a514 P. ; | ||
| 942 |
_2ddc _cBK |
||
| 999 |
_c587468 _d587468 |
||